Antología poética: todo Juvencio Valle
Gorde:
| Formatua: | Liburua |
|---|---|
| Hizkuntza: | gaztelania |
| Argitaratua: |
Santiago
Lom
1995
|
| Saila: | Colección Entre Mares. Poesía
|
| Gaiak: | |
| Etiketak: |
Etiketa erantsi
Etiketarik gabe, Izan zaitez lehena erregistro honi etiketa jartzen!
|
MARC
| LEADER | 00000nam a2200000 a 4500 | ||
|---|---|---|---|
| 001 | UCM1212 | ||
| 003 | CL-VaPUC | ||
| 008 | 020328e19950000CL |||||||||||||||||spa|d | ||
| 082 | 0 | 4 | |a Ch861 |b ANT |2 21 |
| 245 | 1 | 0 | |a Antología poética: todo Juvencio Valle |
| 300 | |a 156 p | ||
| 942 | |c BK | ||
| 945 | |d 20020328 00:00:00 |a vberengu | ||
| 260 | |a Santiago |b Lom |c 1995 | ||
| 600 | 0 | 7 | |a VALLE, JUVENCIO |2 CL-VaPUC |9 360235 |
| 600 | 0 | 7 | |a CONCHA RIFFO, GILBERTO |2 CL-VaPUC |9 468188 |
| 650 | 0 | |a Poesías chilenas |9 265280 | |
| 650 | 0 | |a Literatura chilena |9 308278 | |
| 583 | |a last modification |c 20020328 00:00:00 |k Rodrigo Vera | ||
| 490 | 0 | |a Colección Entre Mares. Poesía | |
| 999 | |c 299811 |d 299809 | ||
| 952 | |0 0 |1 0 |4 0 |6 CH_861_000000000000000_ANT_1995 |7 0 |8 A |9 356758 |a BIBEDU |b BIBEDU |c ES_NOD |d 2019-11-21 |i 3802809 |o Ch861 ANT 1995 |p 3802809 |r 2023-08-09 |w 2019-11-21 |y BK |k LIT | ||